| 000 | 01261nam a2200349 a 4500 | ||
|---|---|---|---|
| 999 |
_c1888 _d1888 |
||
| 001 | 1888 | ||
| 003 | BD-JhCC | ||
| 005 | 20171025212721.0 | ||
| 008 | 070530r20071960vau b 000 0 eng d | ||
| 020 | _a9780975366226 (pbk.) | ||
| 020 | _a097536622X (pbk.) | ||
| 020 | _a9780192891082 (hardback) | ||
| 020 | _a0192891081 (hardback) | ||
| 035 | _a(BD-JhCC) 1888 | ||
| 035 | _a(OCoLC)137325209 | ||
| 040 |
_aDLC _cDLC _dDLC _dBD-JhCC |
||
| 041 | _aeng | ||
| 050 | 0 | 0 |
_aBJ319 _b.W3 2007 |
| 082 | 0 | 0 |
_a170.904 _222 _bWAR 2007 |
| 100 | 1 | _aWarnock, Mary. | |
| 245 | 1 | 0 |
_aEthics since 1900 / _cMary Warnock. |
| 246 | 3 | _aEthics since one thousand nine hundred | |
| 260 |
_aMount Jackson, VA : _bAxios Press : _bDistributed by National Book Network, _cc2007. |
||
| 300 |
_aviii, 229 p. ; _c21 cm. |
||
| 500 | _aOriginally published: London ; New York : Oxford University Press, 1960. | ||
| 500 | _aIncludes Index | ||
| 504 | _aIncludes bibliographical references (p. 223-229). | ||
| 505 | 0 | _aMetaphysical ethics : F.H. Bradley -- G.E. Moore -- Intuitionism -- The emotive theory -- After the emotivists -- Moral psychology -- Existentialism : J.P. Sartre -- Conclusion. | |
| 650 | 0 |
_aEthics, Modern _y20th century. |
|
| 942 |
_2ddc _cBK |
||